[Event "Sharjah Cup (Women) 10th"]
[Site "Sharjah"]
[Date "2020.01.07"]
[Round "4"]
[White "Samaganova, Alexandra"]
[Black "Al Moaamari, Mozah"]
[Result "1-0"]
[WhiteElo "2008"]
[BlackElo "1395"]
[PlyCount "96"]
[EventDate "2020.01.04"]
[EventType "swiss"]
[EventRounds "9"]
[EventCountry "UAE"]
[SourceTitle "CBM 194 Extra"]
[Source "ChessBase"]
[SourceDate "2020.03.31"]
[SourceVersion "1"]
[SourceVersionDate "2020.03.31"]
[SourceQuality "1"]

1. c4 e6 2. Nc3 d5 3. e3 Nf6 4. Nf3 b6 5. d4 Bb7 6. Bd3 dxc4 7. Bxc4 Nbd7 8. 0-0 Be7 9. Re1 Ne4 10. Nxe4 Bxe4 11. Bd2 0-0 12. Bc3 Nf6 13. Bd3 Bb7 14. Qe2 Nd5 15. Ba6 Bxa6 16. Qxa6 Qc8 17. Qe2 c5 18. Rac1 cxd4 19. Bxd4 Qb7 20. Ne5 Nf6 21. Nc6 Rac8 22. Qf3 Nd5 23. Nxe7+ Qxe7 24. a3 Qd7 25. Qg4 f6 26. e4 Ne7 27. Bc3 Ng6 28. Rcd1 Qf7 29. Rd6 Rfe8 30. Red1 Qe7 31. Rd7 Qf8 32. Bb4 Ne7 33. Qxe6+ Qf7 34. Qg4 h6 35. Rxe7 Rxe7 36. Qxc8+ Re8 37. Qc6 Qg6 38. Qd5+ Kh8 39. f3 Rc8 40. Bc3 h5 41. Qf5 Qe8 42. Rd5 Rc7 43. Qxh5+ Qxh5 44. Rxh5+ Kg8 45. Rd5 Kf7 46. Kf2 Ke6 47. Ke3 g6 48. f4 Rh7 1-0

[Event "Sharjah Cup (Women) 10th"]
[Site "Sharjah"]
[Date "2020.01.05"]
[Round "2"]
[White "Babayan, Armine"]
[Black "Al Moaamari, Mozah"]
[Result "1-0"]
[WhiteElo "2186"]
[BlackElo "1395"]
[PlyCount "85"]
[EventDate "2020.01.04"]
[EventType "swiss"]
[EventRounds "9"]
[EventCountry "UAE"]
[SourceTitle "CBM 194 Extra"]
[Source "ChessBase"]
[SourceDate "2020.03.31"]
[SourceVersion "1"]
[SourceVersionDate "2020.03.31"]
[SourceQuality "1"]

1. e4 c5 2. Nf3 Nc6 3. d4 cxd4 4. Nxd4 g6 5. Nc3 Bg7 6. Be3 Nf6 7. Be2 0-0 8. Qd2 a6 9. 0-0-0 Re8 10. h4 Qc7 11. h5 b5 12. f4 e6 13. Nxc6 dxc6 14. e5 Nd5 15. Bc5 a5 16. Ne4 b4 17. g3 Ba6 18. Bf3 Red8 19. Qh2 h6 20. hxg6 fxg6 21. Qh3 Bc8 22. Nd6 a4 23. Nxc8 Qxc8 24. Bxd5 exd5 25. Qxc8 Raxc8 26. Bxb4 Kf7 27. Bd6 Ke6 28. Rdf1 Rd7 29. g4 Rf7 30. Rf3 Ra8 31. Rhf1 Kd7 32. f5 g5 33. e6+ Kxd6 34. exf7 Rb8 35. f6 Bf8 36. Re1 Rb7 37. Re7 Rxe7 38. fxe7 Kxe7 39. b3 a3 40. b4 Kd7 41. c3 Kc7 42. Kc2 Kb6 43. Re3 1-0

[Event "UAE President Cup (Women)"]
[Site "Ajman"]
[Date "2019.01.09"]
[Round "9"]
[White "Al Moaamari, Mozah"]
[Black "Nouman, Amna"]
[Result "0-1"]
[WhiteElo "1370"]
[BlackElo "1913"]
[PlyCount "106"]
[EventDate "2019.01.02"]
[EventType "swiss"]
[EventRounds "9"]
[EventCountry "UAE"]
[SourceTitle "CBM 188 Extra"]
[Source "ChessBase"]
[SourceDate "2019.02.26"]
[SourceVersion "1"]
[SourceVersionDate "2019.02.26"]
[SourceQuality "1"]

1. d4 Nf6 2. c4 e6 3. Nf3 b6 4. a3 Bb7 5. Nc3 Be7 6. d5 d6 7. e4 e5 8. Be2 a5 9. Qc2 0-0 10. Bd2 Nbd7 11. 0-0 a4 12. b4 axb3 13. Qxb3 Ne8 14. Qc2 Bc8 15. a4 Nc5 16. Ne1 f5 17. f3 Bg5 18. Nd3 Bxd2 19. Qxd2 Nb3 20. Qc2 Nxa1 21. Rxa1 Nf6 22. Nf2 f4 23. Nb5 g5 24. h3 h5 25. Kf1 Rf7 26. Ke1 Rg7 27. Kd2 g4 28. hxg4 hxg4 29. Rh1 g3 30. Nd1 Rh7 31. Rg1 Ba6 32. Ndc3 Qe7 33. Qd1 Kf7 34. Na2 Bxb5 35. cxb5 Nd7 36. Bd3 Nc5 37. Bc2 Rah8 38. Nb4 Rh2 39. Bd3 Qh4 40. Na6 Rh1 41. Nxc5 Rxg1 42. Qxg1 bxc5 43. a5 Qh1 44. Qf1 Qxf1 45. Bxf1 Ra8 46. a6 Ke7 47. Kc3 Kd7 48. Kb3 Kc8 49. Ka4 Kb8 50. Kb3 Ka7 51. Kc2 Rh8 52. Kd1 Rh1 53. Ke1 c4 0-1

[Event "UAE President Cup (Women)"]
[Site "Ajman"]
[Date "2019.01.08"]
[Round "8"]
[White "Al Moaamari, Mozah"]
[Black "Al Hammadi, Mona H"]
[Result "1-0"]
[WhiteElo "1370"]
[BlackElo "1423"]
[PlyCount "57"]
[EventDate "2019.01.02"]
[EventType "swiss"]
[EventRounds "9"]
[EventCountry "UAE"]
[SourceTitle "CBM 188 Extra"]
[Source "ChessBase"]
[SourceDate "2019.02.26"]
[SourceVersion "1"]
[SourceVersionDate "2019.02.26"]
[SourceQuality "1"]

1. d4 g6 2. c4 Bg7 3. Nc3 d6 4. Nf3 Nd7 5. Bg5 h6 6. Bh4 f5 7. h3 f4 8. Qc2 g5 9. Qg6+ Kf8 10. Bxg5 hxg5 11. Nxg5 Ne5 12. dxe5 Qe8 13. Qxe8+ Kxe8 14. Nd5 Kd7 15. e6+ Kc6 16. Rb1 Bh6 17. Nf7 Rh7 18. Nd8+ Kc5 19. e3 fxe3 20. fxe3 a5 21. a3 a4 22. b4+ axb3 23. Rxb3 Ra5 24. Kd2 Nf6 25. Nxf6 exf6 26. Bd3 Re7 27. Rf1 Bg5 28. Rf5+ d5 29. Rxd5# 1-0

[Event "UAE President Cup (Women)"]
[Site "Ajman"]
[Date "2019.01.07"]
[Round "7"]
[White "Al Kalbani, Wadima"]
[Black "Al Moaamari, Mozah"]
[Result "1-0"]
[WhiteElo "1624"]
[BlackElo "1370"]
[PlyCount "63"]
[EventDate "2019.01.02"]
[EventType "swiss"]
[EventRounds "9"]
[EventCountry "UAE"]
[SourceTitle "CBM 188 Extra"]
[Source "ChessBase"]
[SourceDate "2019.02.26"]
[SourceVersion "1"]
[SourceVersionDate "2019.02.26"]
[SourceQuality "1"]

1. e4 c5 2. Nf3 Nc6 3. d4 cxd4 4. Nxd4 g6 5. Nc3 Bg7 6. Be3 Nf6 7. f3 0-0 8. Qd2 d5 9. Nxc6 bxc6 10. 0-0-0 Bb7 11. e5 Nd7 12. f4 Qa5 13. Kb1 Ba6 14. Nxd5 Qxd2 15. Nxe7+ Kh8 16. Rxd2 Bxf1 17. Rxf1 Nb8 18. Rfd1 h5 19. Rd8 Kh7 20. Rxf8 Bxf8 21. Nc8 a5 22. Nb6 Ra6 23. Rd8 Kg7 24. Rxb8 Ra7 25. Rc8 c5 26. Bxc5 Bxc5 27. Rxc5 Rb7 28. Nd5 Rd7 29. a4 Ra7 30. Rc7 Ra6 31. c4 h4 32. c5 1-0

[Event "UAE President Cup (Women)"]
[Site "Ajman"]
[Date "2019.01.06"]
[Round "6"]
[White "Al Moaamari, Mozah"]
[Black "Mariam, Essa"]
[Result "1-0"]
[WhiteElo "1370"]
[BlackElo "1597"]
[PlyCount "75"]
[EventDate "2019.01.02"]
[EventType "swiss"]
[EventRounds "9"]
[EventCountry "UAE"]
[SourceTitle "CBM 188 Extra"]
[Source "ChessBase"]
[SourceDate "2019.02.26"]
[SourceVersion "1"]
[SourceVersionDate "2019.02.26"]
[SourceQuality "1"]

1. d4 Nf6 2. c4 c5 3. d5 b5 4. cxb5 a6 5. Nc3 axb5 6. e4 b4 7. Nb5 d6 8. Bf4 g6 9. Bd3 Bg7 10. Qc2 0-0 11. Nf3 Qa5 12. 0-0 Ba6 13. a4 Nbd7 14. Nd2 Ng4 15. Nb3 Qb6 16. h3 Nge5 17. Be2 Rac8 18. Be3 Nf6 19. f4 Ned7 20. Rab1 e6 21. dxe6 fxe6 22. Bf2 Bb7 23. a5 Bxe4 24. Qxe4 Qb8 25. Qxe6+ Kh8 26. Nxd6 Rce8 27. Nxe8 Rxe8 28. Qc4 Re4 29. Qf7 Rxe2 30. Nxc5 Nxc5 31. Bxc5 Qa8 32. Rf2 Rxf2 33. Bxf2 Qxa5 34. Bd4 Qd5 35. Qa7 Qe4 36. Rc1 h5 37. Rc8+ Kh7 38. Bxf6 1-0

[Event "Sharjah op rapid"]
[Site "Sharjah"]
[Date "2018.05.23"]
[Round "1"]
[White "Al Moaamari, Mozah"]
[Black "Landa, Konstantin"]
[Result "0-1"]
[WhiteElo "1471"]
[BlackElo "2616"]
[PlyCount "56"]
[EventDate "2018.05.23"]
[EventType "swiss (rapid)"]
[EventRounds "9"]
[EventCountry "UAE"]
[SourceTitle "CBM 184 Extra"]
[Source "ChessBase"]
[SourceDate "2018.06.28"]
[SourceVersion "1"]
[SourceVersionDate "2018.06.28"]
[SourceQuality "1"]

1. c4 e5 2. g3 c6 3. Bg2 d5 4. cxd5 cxd5 5. Nf3 Nc6 6. 0-0 Bd6 7. Nc3 Nge7 8. d3 0-0 9. Bd2 a6 10. Rc1 f6 11. Na4 Kh8 12. Nc5 b6 13. Na4 Be6 14. Rc2 Rb8 15. a3 e4 16. dxe4 dxe4 17. Ne1 Bb3 18. Bxe4 Bxa4 19. Qc1 Nd4 20. Bc3 Bxc2 21. Bxd4 Bxe4 22. Nc2 Rc8 23. Bc3 Nd5 24. Qd2 Nxc3 25. bxc3 Bxg3 26. Qe3 Bxh2+ 27. Kxh2 Qd6+ 28. Kg1 Bxc2 0-1

[Event "Al Ain U20 op 1st"]
[Site "Al Ain"]
[Date "2018.01.04"]
[Round "7"]
[White "Al Moaamari, Mozah"]
[Black "Al Zaabi, Sultan"]
[Result "0-1"]
[WhiteElo "1422"]
[BlackElo "1875"]
[PlyCount "84"]
[EventDate "2017.12.30"]
[EventType "swiss"]
[EventRounds "9"]
[EventCountry "UAE"]
[SourceTitle "CBM 182 Extra"]
[Source "ChessBase"]
[SourceDate "2018.02.23"]
[SourceVersion "1"]
[SourceVersionDate "2018.02.23"]
[SourceQuality "1"]

1. c4 e6 2. Nc3 d5 3. cxd5 exd5 4. d4 c6 5. Nf3 Bd6 6. Bg5 f6 7. Bh4 Ne7 8. e3 Bg4 9. Bg3 Bxg3 10. fxg3 Nf5 11. Qd2 0-0 12. 0-0-0 Re8 13. Re1 b5 14. Qf2 b4 15. Nd1 Qc7 16. Kb1 Nd7 17. Bd3 Nd6 18. h3 Bf5 19. Bxf5 Nxf5 20. g4 Ng3 21. Rhg1 Ne4 22. Qc2 a5 23. Nd2 Nxd2+ 24. Qxd2 Nb6 25. Re2 Nc4 26. Qc2 a4 27. Qd3 Qg3 28. Rf1 Qc7 29. Ka1 Qd6 30. Rfe1 Qg3 31. Rf1 Qd6 32. Rfe1 Re7 33. e4 Qf4 34. Kb1 Rxe4 35. Rxe4 Nd2+ 36. Ka1 Nxe4 37. g3 Qc1+ 38. Qb1 Qd2 39. Rg1 Qxd4 40. Rg2 Nc5 41. Qc2 a3 42. Rd2 Nb3+ 0-1

[Event "Al Ain U20 op 1st"]
[Site "Al Ain"]
[Date "2017.12.31"]
[Round "2"]
[White "Al Moaamari, Mozah"]
[Black "Mosadeghpour, Masoud"]
[Result "0-1"]
[WhiteElo "1422"]
[BlackElo "2503"]
[PlyCount "82"]
[EventDate "2017.12.30"]
[EventType "swiss"]
[EventRounds "9"]
[EventCountry "UAE"]
[SourceTitle "CBM 182 Extra"]
[Source "ChessBase"]
[SourceDate "2018.02.23"]
[SourceVersion "1"]
[SourceVersionDate "2018.02.23"]
[SourceQuality "1"]

1. c4 Nf6 2. Nc3 d5 3. cxd5 Nxd5 4. g3 g6 5. Bg2 c6 6. Nf3 Bg7 7. 0-0 0-0 8. Nxd5 cxd5 9. d4 Nc6 10. a3 Qb6 11. e3 Rd8 12. b4 Bg4 13. h3 Bf5 14. Bb2 a5 15. Bc3 Rdc8 16. Qb3 e6 17. b5 Bd3 18. Rfd1 Qxb5 19. Qxb5 Bxb5 20. Rab1 Ba4 21. Rd2 Bf8 22. Rxb7 Nd8 23. Rb1 Rxc3 24. Ra1 Rac8 25. Kh2 Rc2 26. Ra2 Rxa2 27. Rxa2 Rc2 28. Rxc2 Bxc2 29. a4 Bxa4 30. Bf1 Bb4 31. Kg2 Bc2 32. Bb5 a4 33. Bxa4 Bxa4 34. Ne5 Bc2 35. f3 f6 36. Ng4 Kg7 37. Kf2 h5 38. Nh2 Nf7 39. Ke2 Bb3 40. Kf2 e5 41. dxe5 Nxe5 0-1

[Event "Asia Cup (Women)"]
[Site "Abu Dhabi"]
[Date "2016.04.05"]
[Round "9.3"]
[White "Batchimeg, Tuvshintugs"]
[Black "Al Moaamari, Mozah"]
[Result "1-0"]
[WhiteElo "2395"]
[BlackElo "1607"]
[PlyCount "31"]
[EventDate "2016.03.28"]
[EventType "team-swiss"]
[EventRounds "9"]
[EventCountry "UAE"]
[SourceTitle "CBM 171 Extra"]
[Source "ChessBase"]
[SourceDate "2016.04.26"]
[SourceVersion "1"]
[SourceVersionDate "2016.04.26"]
[SourceQuality "1"]
[WhiteTeam "Mongolia (W)"]
[BlackTeam "United Arab Emirates (W) II"]
[WhiteTeamCountry "MGL"]
[BlackTeamCountry "UAE"]

1. d4 d5 2. Nf3 Nf6 3. c4 c6 4. Nc3 e6 5. Bg5 Nbd7 6. cxd5 exd5 7. e3 Be7 8. Bd3 h6 9. Bf4 Nh5 10. 0-0 Nxf4 11. exf4 0-0 12. Bc2 Nf6 13. Ne5 Bd6 14. Qd3 h5 15. Rfe1 c5 16. Nxd5 1-0

[Event "Asia Cup (Women)"]
[Site "Abu Dhabi"]
[Date "2016.04.01"]
[Round "5.3"]
[White "Al Moaamari, Mozah"]
[Black "Lei, Tingjie"]
[Result "0-1"]
[WhiteElo "1607"]
[BlackElo "2495"]
[PlyCount "56"]
[EventDate "2016.03.28"]
[EventType "team-swiss"]
[EventRounds "9"]
[EventCountry "UAE"]
[SourceTitle "CBM 171 Extra"]
[Source "ChessBase"]
[SourceDate "2016.04.26"]
[SourceVersion "1"]
[SourceVersionDate "2016.04.26"]
[SourceQuality "1"]
[WhiteTeam "United Arab Emirates (W) II"]
[BlackTeam "China (W)"]
[WhiteTeamCountry "UAE"]
[BlackTeamCountry "CHN"]

1. c4 c5 2. Nc3 g6 3. g3 Bg7 4. Bg2 Nc6 5. Nf3 e6 6. 0-0 Nge7 7. d3 0-0 8. Rb1 d5 9. cxd5 exd5 10. e3 Bf5 11. Nh4 Be6 12. Ne2 d4 13. a3 dxe3 14. Bxe3 b6 15. Nf3 Bf5 16. Ne1 Rc8 17. Qd2 Re8 18. Nc2 Qxd3 19. Rfd1 Qxc2 20. Rbc1 Qxb2 21. Qxb2 Bxb2 22. Rc4 Rcd8 23. Rf1 Bd3 24. Ra4 Bxe2 25. Re1 Bb5 26. Re4 Bd3 27. Rf4 c4 28. Rf6 Bxf6 0-1

[Event "Asia-ch U20 Girls"]
[Site "Tagaytay City"]
[Date "2014.12.03"]
[Round "8"]
[White "Al Moaamari, Mozah"]
[Black "Mendoza, Shania Mae"]
[Result "0-1"]
[WhiteElo "1457"]
[BlackElo "1907"]
[PlyCount "76"]
[EventDate "2014.11.29"]
[EventType "swiss"]
[EventRounds "9"]
[EventCountry "PHI"]
[SourceTitle "EXT 2016"]
[Source "ChessBase"]
[SourceDate "2015.10.08"]
[SourceVersion "1"]
[SourceVersionDate "2015.10.08"]
[SourceQuality "1"]

1. c4 e5 2. Nc3 c6 3. e4 Bc5 4. Nf3 d6 5. d4 exd4 6. Nxd4 Nf6 7. Nb3 Bb4 8. Bd3 0-0 9. 0-0 Qe7 10. Re1 Ng4 11. h3 Ne5 12. Bf1 Qf6 13. Nd4 Ng6 14. Qd3 Na6 15. Nc2 Ne5 16. Qg3 Bc5 17. Na4 Nb4 18. Bg5 Qxf2+ 19. Qxf2 Bxf2+ 20. Kxf2 Nxc2 21. Rad1 Nxe1 22. Kxe1 f6 23. Bf4 Re8 24. Rxd6 Nf7 25. Rd1 Rxe4+ 26. Be3 Rxe3+ 27. Kf2 Re8 28. c5 Be6 29. Nc3 Rad8 30. Rb1 Bf5 31. Rc1 Rd2+ 32. Kg1 Rxb2 33. Rd1 Rc2 34. Na4 Rxa2 35. Nc3 Rc2 36. Ne2 Rxc5 37. Nd4 Rd8 38. Be2 Rcd5 0-1

[Event "Asia-ch U20 Girls"]
[Site "Tagaytay City"]
[Date "2014.11.30"]
[Round "2"]
[White "Al Moaamari, Mozah"]
[Black "Zisha, Zahuratul Zannat"]
[Result "1-0"]
[WhiteElo "1457"]
[BlackElo "1736"]
[PlyCount "107"]
[EventDate "2014.11.29"]
[EventType "swiss"]
[EventRounds "9"]
[EventCountry "PHI"]
[SourceTitle "EXT 2016"]
[Source "ChessBase"]
[SourceDate "2015.10.08"]
[SourceVersion "1"]
[SourceVersionDate "2015.10.08"]
[SourceQuality "1"]

1. c4 e5 2. Nc3 Nf6 3. g3 c6 4. Bg2 Bc5 5. e3 d6 6. Nge2 Be6 7. d3 a6 8. 0-0 Qd7 9. a3 b5 10. cxb5 axb5 11. Nxb5 d5 12. Nbc3 Na6 13. Na4 Ba7 14. Qc2 Rc8 15. Bd2 c5 16. Rac1 0-0 17. Nac3 d4 18. Ne4 Nd5 19. Ng5 Bg4 20. Rfe1 h6 21. Nf3 dxe3 22. Nxe5 exf2+ 23. Kxf2 Qf5+ 24. Nf3 Rfe8 25. Qc4 Rc6 26. Qb5 Rce6 27. Qc4 Nac7 28. Nf4 Nxf4 29. Bxf4 Nd5 30. Nh4 Re2+ 31. Rxe2 Rxe2+ 32. Kg1 Qf6 33. Qxd5 c4+ 34. Kh1 Qe7 35. Be4 g5 36. Nf5 Bxf5 37. Qxf5 Bd4 38. Qh7+ Kf8 39. Qxh6+ Ke8 40. Bc6+ Kd8 41. Qxg5 Qxg5 42. Bxg5+ f6 43. Bf4 cxd3 44. Rd1 Bxb2 45. Rxd3+ Ke7 46. a4 Rc2 47. Rd7+ Ke6 48. Rd6+ Ke7 49. a5 Ba3 50. Rd7+ Ke6 51. Bb5 Rc5 52. Rb7 Rc2 53. a6 Bc5 54. a7 1-0

[Event "Wch U18 Girls"]
[Site "Durban"]
[Date "2014.09.21"]
[Round "2"]
[White "Al Moaamari, Mozah"]
[Black "Mukhit, Aisezym"]
[Result "0-1"]
[WhiteElo "1301"]
[BlackElo "2059"]
[PlyCount "90"]
[EventDate "2014.09.20"]
[EventType "swiss"]
[EventRounds "11"]
[EventCountry "RSA"]
[SourceTitle "CBM 162 Extra"]
[Source "ChessBase"]
[SourceDate "2014.10.17"]
[SourceVersion "1"]
[SourceVersionDate "2014.10.17"]
[SourceQuality "1"]

1. c4 Nf6 2. Nc3 c5 3. g3 e6 4. Bg2 d5 5. cxd5 exd5 6. d4 cxd4 7. Qxd4 Nc6 8. Qd1 d4 9. Ne4 Bf5 10. Bg5 Bxe4 11. Bxe4 Bb4+ 12. Kf1 h6 13. Bxf6 Qxf6 14. Qa4 Be7 15. Nf3 Rd8 16. Rd1 0-0 17. Bxc6 bxc6 18. Nxd4 Bc5 19. Nf3 Qxb2 20. Rxd8 Rxd8 21. Qxc6 Bb6 22. Qc4 Re8 23. e3 Rd8 24. Kg2 Bxe3 25. Rf1 Bb6 26. a4 Re8 27. Ng1 Re6 28. Qc8+ Kh7 29. Qc4 Rf6 30. Qe4+ g6 31. Nf3 Re6 32. Qc4 Kg7 33. Ng1 Re5 34. Qc1 Qb4 35. Qc2 Rc5 36. Qa2 Qe4+ 37. Nf3 Rc3 38. Qb2 Qxf3+ 39. Kg1 Kh7 40. Qa2 Rd3 41. a5 Bd4 42. a6 Rd1 43. Rxd1 Qxd1+ 44. Kg2 Kg7 45. Qa4 Qxa4 0-1

[Event "Arab-ch U16 Girls"]
[Site "Amman"]
[Date "2014.08.27"]
[Round "8.5"]
[White "Al Moaamari, Mozah"]
[Black "Mahmoud, Roaa"]
[Result "1-0"]
[WhiteElo "1301"]
[BlackElo "1565"]
[PlyCount "39"]
[EventDate "2014.08.22"]
[EventType "swiss"]
[EventRounds "9"]
[EventCountry "JOR"]
[SourceTitle "EXT 2024"]
[Source "ChessBase"]
[SourceDate "2023.10.10"]
[SourceVersion "1"]
[SourceVersionDate "2023.10.10"]
[SourceQuality "1"]

1. c4 e5 2. Nc3 Nc6 3. g3 Nf6 4. Bg2 Bc5 5. e3 0-0 6. Nge2 d6 7. 0-0 Be6 8. d4 exd4 9. exd4 Nxd4 10. Nxd4 Bxc4 11. Re1 c6 12. Na4 Bb4 13. Bd2 Bxd2 14. Qxd2 Nd5 15. b3 Ba6 16. Bxd5 cxd5 17. Nf5 Qf6 18. Ne7+ Kh8 19. Qf4 Qg6 20. Nxg6+ 1-0

[Event "Arab-ch U16 Girls"]
[Site "Amman"]
[Date "2014.08.24"]
[Round "4.2"]
[White "Al Moaamari, Mozah"]
[Black "Wafa, Shahenda"]
[Result "0-1"]
[WhiteElo "1301"]
[BlackElo "1932"]
[PlyCount "62"]
[EventDate "2014.08.22"]
[EventType "swiss"]
[EventRounds "9"]
[EventCountry "JOR"]
[SourceTitle "EXT 2024"]
[Source "ChessBase"]
[SourceDate "2023.10.10"]
[SourceVersion "1"]
[SourceVersionDate "2023.10.10"]
[SourceQuality "1"]

1. c4 e5 2. Nc3 Nf6 3. g3 d5 4. cxd5 Nxd5 5. Bg2 Nb6 6. Nf3 Nc6 7. d3 Be7 8. Be3 Be6 9. 0-0 0-0 10. Rc1 Nd5 11. Bd2 Kh8 12. Na4 f5 13. Nc5 Bxc5 14. Rxc5 Qd6 15. Qc1 Rae8 16. Ng5 Bg8 17. a3 Nd4 18. Qc4 Ne3 19. Qa4 Nxe2+ 20. Kh1 Nxf1 21. Bxf1 Qxc5 22. Kg2 Bd5+ 23. f3 Qg1+ 24. Kh3 Qxf1+ 25. Kh4 Ng1 26. Bb4 h6 27. Bxf8 hxg5+ 28. Kxg5 Nxf3+ 29. Kg6 Rxf8 30. h4 Rf6+ 31. Kh5 Rh6# 0-1

[Event "Arab-ch U16 Girls"]
[Site "Amman"]
[Date "2014.08.23"]
[Round "2.4"]
[White "El Saleh, Riham"]
[Black "Al Moaamari, Mozah"]
[Result "1-0"]
[WhiteElo "1511"]
[BlackElo "1301"]
[PlyCount "95"]
[EventDate "2014.08.22"]
[EventType "swiss"]
[EventRounds "9"]
[EventCountry "JOR"]
[SourceTitle "EXT 2024"]
[Source "ChessBase"]
[SourceDate "2023.10.10"]
[SourceVersion "1"]
[SourceVersionDate "2023.10.10"]
[SourceQuality "1"]

1. Nc3 c6 2. e4 d5 3. Nf3 dxe4 4. Nxe4 Bf5 5. Ng3 Bg6 6. Ne5 Nd7 7. Nxg6 hxg6 8. d4 Qc7 9. c3 Ngf6 10. Bg5 e6 11. Bxf6 Nxf6 12. h3 Bd6 13. Qf3 Bxg3 14. Qxg3 Qxg3 15. fxg3 Ne4 16. g4 f5 17. gxf5 gxf5 18. Bd3 Nd6 19. 0-0-0 0-0-0 20. Rde1 Rde8 21. Re2 Rh6 22. Rhe1 Rg6 23. c4 b6 24. c5 Nf7 25. Bxf5 Rf6 26. Bxe6+ Kc7 27. Bxf7 Rxe2 28. Rxe2 Rxf7 29. cxb6+ axb6 30. b3 Rd7 31. Rd2 Rd5 32. Kb2 Rg5 33. g4 Kd6 34. Kc3 Kd5 35. Re2 Rg6 36. Re5+ Kd6 37. g5 c5 38. h4 Re6 39. Rxe6+ Kxe6 40. dxc5 bxc5 41. Kc4 Kf5 42. a4 Kg4 43. a5 Kxh4 44. a6 Kxg5 45. a7 Kh4 46. a8Q g5 47. Qh1+ Kg4 48. Qg2+ 1-0

[Event "Arab-ch U16 Girls"]
[Site "Amman"]
[Date "2014.08.22"]
[Round "1.5"]
[White "Al Moaamari, Mozah"]
[Black "Albarbari, Vin Kamal Jalal Adi"]
[Result "1-0"]
[WhiteElo "1301"]
[BlackElo "1538"]
[PlyCount "73"]
[EventDate "2014.08.22"]
[EventType "swiss"]
[EventRounds "9"]
[EventCountry "JOR"]
[SourceTitle "EXT 2024"]
[Source "ChessBase"]
[SourceDate "2023.10.10"]
[SourceVersion "1"]
[SourceVersionDate "2023.10.10"]
[SourceQuality "1"]

1. c4 e5 2. Nc3 Nf6 3. g3 Bc5 4. Bg2 Nc6 5. e3 0-0 6. Nge2 d6 7. 0-0 Be6 8. d4 exd4 9. exd4 Nxd4 10. Nxd4 Bxc4 11. Re1 c6 12. b3 Qa5 13. Bb2 Bb4 14. bxc4 Bxc3 15. Nb3 Qb4 16. a3 Qxc4 17. Bf1 Qa4 18. Bxc3 Nd5 19. Bb4 Nxb4 20. axb4 Qxb4 21. Qf3 d5 22. Red1 Rfe8 23. Rd4 Qd6 24. Rf4 Re7 25. Nd4 Qe5 26. Ra2 g6 27. Re2 Qd6 28. Rxe7 Qxe7 29. Qg4 a5 30. Nf5 Qf8 31. Qg5 a4 32. Nh6+ Qxh6 33. Qxh6 a3 34. Qh4 b5 35. Qf6 a2 36. Qxf7+ Kh8 37. Rh4 1-0

[Event "Sharjah op blitz"]
[Site "Sharjah"]
[Date "2014.07.09"]
[Round "5"]
[White "Al Moaamari, Mozah"]
[Black "Ahmed, Fareed"]
[Result "0-1"]
[WhiteElo "1385"]
[BlackElo "1754"]
[PlyCount "96"]
[EventDate "2014.07.09"]
[EventType "swiss (blitz)"]
[EventRounds "9"]
[EventCountry "UAE"]
[SourceTitle "EXT 2016"]
[Source "ChessBase"]
[SourceDate "2015.10.08"]
[SourceVersion "1"]
[SourceVersionDate "2015.10.08"]
[SourceQuality "1"]

1. c4 g6 2. Nc3 Bg7 3. g3 Nf6 4. Bg2 0-0 5. e3 c6 6. Nge2 d5 7. cxd5 cxd5 8. d4 Nc6 9. 0-0 Bf5 10. Qb3 Na5 11. Qb5 Bd7 12. Qd3 Bf5 13. Qb5 Bd7 14. Qd3 e6 15. b4 Nc4 16. Bd2 b5 17. Nd1 a5 18. bxa5 Nxd2 19. Qxd2 Qxa5 20. Qxa5 Rxa5 21. Ndc3 b4 22. Nd1 Rfa8 23. Nb2 Rxa2 24. Rab1 Bb5 25. Rfe1 Bf8 26. Nc1 R2a7 27. Nbd3 Bc4 28. Nb2 Bb5 29. Nb3 Ra3 30. Nc5 Bxc5 31. dxc5 Rc8 32. Rec1 Rc3 33. Rxc3 bxc3 34. Nd1 c2 35. Rc1 cxd1Q+ 36. Rxd1 Rxc5 37. Rb1 Kg7 38. Ra1 Bc4 39. Rc1 Ra5 40. h3 Nd7 41. e4 Nf6 42. exd5 exd5 43. Bf1 Bxf1 44. Kxf1 d4 45. Rd1 Rd5 46. Ke2 h5 47. Rd3 Ne4 48. Kf3 Nc5 0-1